000 00641nam a2200205 i 4500
001 147267
003 ES-MaACL
005 20230906201914.0
007 t|
008 070925s1976 sp a |||| | spa d
080 _a618.1-085.357
080 _a618.2-085.357
100 1 _aUfer, Joachim.
_9111877
245 1 0 _aHormonoterapia en gineco-obstetricia
_b: fundamentos y práctica /
_cJoachim Ufer ; versión del Dr. Fernando Nadal Mur.
250 _a4ª ed.
260 _aMadrid :
_bAlhambra,
_c1976.
300 _aIX, 229 p. :
_bil. ;
_c24 cm.
650 1 4 _aMujeres-
_xEnfermedades-
_xHormonoterapia.
_915273
852 _aES-MaACL
_jA-6466
999 _c147267
_d147267